Welcome to CU Library Online Public Access Catalogue (OPAC)

INDUSTRIAL PSYCHOLOGY (Record no. 8709)

MARC details
000 -LEADER
fixed length control field 00362nam a2200157 4500
005 - DATE AND TIME OF LATEST TRANSACTION
control field 20260213174115.0
008 - FIXED-LENGTH DATA ELEMENTS--GENERAL INFORMATION
fixed length control field CU66
020 ## - INTERNATIONAL STANDARD BOOK NUMBER
International Standard Book Number 8182810523
050 ## - LIBRARY OF CONGRESS CALL NUMBER
Classification number HF5549 SHA
100 ## - MAIN ENTRY--PERSONAL NAME
Personal name SHAIKH M.R.
245 ## - TITLE STATEMENT
Title INDUSTRIAL PSYCHOLOGY
260 ## - PUBLICATION, DISTRIBUTION, ETC.
Place of publication, distribution, etc. NEW DELHI
Name of publisher, distributor, etc. VRINDA PUB. LTD.
Date of publication, distribution, etc. 2006
300 ## - PHYSICAL DESCRIPTION
Extent XIX,265p.,ILLUS.
500 ## - GENERAL NOTE
General note REFERENCES,INDEX
942 ## - ADDED ENTRY ELEMENTS (KOHA)
Source of classification or shelving scheme Library of Congress Classification
Koha item type Books
Suppress in OPAC No
999 ## -
-- 8709
-- 8709
Holdings
Withdrawn status Lost status Source of classification or shelving scheme Damaged status Not for loan Home library Current library Shelving location Date acquired Total checkouts Full call number Barcode Date last seen Price effective from Koha item type
    Library of Congress Classification     Graduate Library (Christ Temple) Graduate Library (Christ Temple) General stacks 02/13/2026   HF 5549 SHA gsct00002457 02/13/2026 02/13/2026 Books
    Library of Congress Classification     Graduate Library (Christ Temple) Graduate Library (Christ Temple) General stacks 02/13/2026   HF 5549 SHA gsct00002458 02/13/2026 02/13/2026 Books
    Library of Congress Classification     Graduate Library (Christ Temple) Graduate Library (Christ Temple) General stacks 02/13/2026   HF 5549 SHA gsct00002459 02/13/2026 02/13/2026 Books
    Library of Congress Classification     Graduate Library (Christ Temple) Graduate Library (Christ Temple) General stacks 02/13/2026   HF 5549 SHA gsct00002460 02/13/2026 02/13/2026 Books
    Library of Congress Classification     Graduate Library (Christ Temple) Graduate Library (Christ Temple) General stacks 02/13/2026   HF 5549 SHA gsct00002461 02/13/2026 02/13/2026 Books
© 2023-2024 Copyright: Central University Libraries. All Rights Reserved | Created by: Mahone Tech Office